Kriminalita v rudolfínské Praze

Titel: Kriminalita v rudolfínské Praze : zločin a právo na Novém Městě pražském v letech 1585 - 1593 / Ondřej Hladík
Verfasser:
Veröffentlicht: Červený Kostelec : Nakl. Pavel Mervart, 2011
Umfang: 278 S. : Ill.
Format: Buch
Sprache: Tschechisch
Schlagworte:
ISBN: 9788087378885 ; 8087378881
Buchumschlag
X
Lokale Klassifikation: 23 7 F ; 23 12 N ; 23 12 M ; 23 8 P 301 ; 23 12 F
alg: 28174607
001A    $03004:23-11-11 
001B    $06055:06-03-26 $t18:06:48.000 
001C    $03004:10-08-12 $t13:26:49.000 
001D    $03004:10-08-12 
001U    $0utf8 
001X    $00 
002@    $0Aau 
003@    $0281746079 
004A    $A978-80-87378-88-5 
004A    $080-87378-88-1 
007A    $0281746079 $aHEB 
007G    $0DE0209B9CEECED01B1F63C1257A5B002E6CA1 
007T    $0Herdhh281746079 
009P    $qapplication/pdf $A2 $3Inhaltsverzeichnis $uhttp://scans.hebis.de/HEBCGI/show.pl?28174607_toc.pdf $mV:DE-603;B:DE-Mb50 
010@    $acze 
011@    $a2011 $n2011 
021A    $aKriminalita v rudolfínské Praze $dzločin a právo na Novém Městě pražském v letech 1585 - 1593 $hOndřej Hladík 
028A    $71017897700 $8Hladík, Ondřej$Z20/21. Jh. [Tp3] $9284984957 
033A    $pČervený Kostelec $nNakl. Pavel Mervart 
034D    $a278 S. 
034M    $aIll. 
044K    $RJustiz $RRechtspflege $RRechtsprechung $RJustizhoheit $#Gerichtsbarkeit $#Gerichtsbarkeit $#Gerichtsgewalt $#Facultas jurisdictionis $D20251120 $Ecgmnf $74020342-6 $8Gerichtsbarkeit [Ts1] $908504881X 
044K    $RAbweichendes Verhalten $RVerbrechen $RKrimineller $RDesistance $#Crime $#Criminalité $#Kriminalität $#Delinquenz $#Kriminalität $#Kriminalität $#Delinquenz $#Kriminelles Verhalten $#Straffälligkeit $D20251120 $Ecgmnf $74033178-7 $8Kriminalität [Ts1] $9085088668 
044K    $RProzess $RGerichtsbarkeit $RRechtspflege $RGerichtsentscheidung $#Law Cases $#Jurisprudence $#Rechtsprechung $#Rechtsprechung $#Rechtsprechung $#Judikatur $#Spruchpraxis $D20251120 $Ecgmnf $74115710-2 $8Rechtsprechung [Ts1] $9085350869 
044K    $RTschechien $#Böhmische Kronländer $#Länder der Böhmischen Krone $#Sudetenland $#Böhmen $#Mähren $#Mährisch-Schlesien $#Österreichisch-Schlesien $#Tschechische Sozialistische Republik Böhmische Länder $#Tschechei Böhmische Länder $#Země koruny české $D20251120 $Ecgmnf $74069573-6 $8Böhmische Länder [Tg1] $9085195553 
044K    $#Prag $#Hlavni Město Praha $#Hauptstadt Prag $#Kraj Praha $#Bezirk Prag $#Praha $#Prague $#Praga $#Praag $#Boiemorum Casurgis $#Bojemorum Casurgis $#Casurgis $#Regia Boiemorum Casurgis $#Regia Bojemorum Casurgis $D20251120 $Ecgmnf $74076310-9 $8Prag [Tg1] $9085216283 
045F    $a900.9437109031 $eDDC23BSB 
045F/01 $a900 
045F/03 $f09031 
045F/03 $f0903 
045F/03 $g4371 
045G    $a340.09 $eDDC23BSB 
045G/01 $a340.09 
045G/03 $f0903 
045G/03 $f09041 
045G/03 $g4371 
046M    $aLiteraturverz. S. 259 - 264. - Zsfassung in engl. Sprache 

lok: 28174607 24
101B    $010-08-12 $t13:26:02.000 
101C    $010-08-12 
101U    $0utf8 
145Z/01 $a23 7 F 
145Z/02 $a23 12 N 
145Z/03 $a23 12 M 
145Z/04 $a23 8 P 301 
145Z/05 $a23 12 F 

exp: 28174607 24 1 #EPN
201B/01 $010-08-12 $t13:26:02.000 
201C/01 $023-11-11 
201U/01 $0utf8 
203@/01 $0634107976 
208@/01 $a10-08-12 $bz 
209A/01 $a11.09521 $du $f050 $h11 09521 $x00 
209C/01 $a11.09521 K $h11 09521 K 
209G/01 $a73025133 $x00 
220C/01 $akon 
247C/01 $8358050-7 Marburg, Bibliothek des Herder-Instituts Marburg $9102600961 

lok: 28174607 78

exp: 28174607 78 1 #EPN
201B/01 $026-11-17 $t00:32:31.000 
201U/01 $0utf8 
203@/01 $0793900654 
208@/01 $a12-11-16 $be 
209A/01 $a/ $f000 $x00 
237A/01 $aweiterführende Signatur(en): Herder-Institut: 11.09521 
244Z/01 $#Tschechien $#Tschechische Republik $#Tschechien $#Tschechische Republik $#Tschechenland $#Tschechei Tschechien $#Česká Republika $#Czech Republic $#ČR $74303381-7 $8--Tg1--Tschechien $x01 $9086659812 
244Z/01 $2Trx $#Böhmen $#Bohemia $#Czechy $8--Trx--Čechy $x02 $9391188941 
244Z/01 $2Trx $8--Trx--Monographie $x03 $9391384546 
245Z/01 $a06.03.01 $x01 
247C/01 $82080>Marburg/Lahn, Herder-Institut, Forschungsbibliothek, Bibliographieportal $9336309341
LEADER 00000cam a2200000 c 4500
001 281746079
003 DE-603
005 20260306180648.0
007 tu
008 111123s2011 xx |||| | u00||u|cze c
020 |a 9788087378885 
020 |a 8087378881 
035 |a (DE-599)HEB281746079 
040 |a DE-603  |b ger  |c DE-603  |d DE-603 
041 |a cze 
082 0 4 |8 1\u  |a 900.9437109031  |q DE-101  |2 23/BSB 
083 0 |8 2\u  |a 340.09  |q DE-101  |2 23/BSB 
085 |8 1\u  |b 900 
085 |8 1\u  |z 1  |s 09031 
085 |8 1\u  |z 1  |s 0903 
085 |8 1\u  |z 2  |s 4371 
085 |8 2\u  |b 340.09 
085 |8 2\u  |z 1  |s 0903 
085 |8 2\u  |z 1  |s 09041 
085 |8 2\u  |z 2  |s 4371 
100 1 |a Hladík, Ondřej  |d 20/21. Jh.  |0 (DE-603)284984957  |0 (DE-588)1017897700  |2 gnd 
245 0 0 |a Kriminalita v rudolfínské Praze  |b zločin a právo na Novém Městě pražském v letech 1585 - 1593  |c Ondřej Hladík 
264 1 |a Červený Kostelec  |b Nakl. Pavel Mervart  |c 2011 
300 |a 278 S.  |b Ill. 
504 |a Literaturverz. S. 259 - 264. - Zsfassung in engl. Sprache 
650 7 |a Gerichtsbarkeit  |0 (DE-588)4020342-6  |0 (DE-603)08504881X  |2 gnd 
650 7 |a Kriminalität  |0 (DE-588)4033178-7  |0 (DE-603)085088668  |2 gnd 
650 7 |a Rechtsprechung  |0 (DE-588)4115710-2  |0 (DE-603)085350869  |2 gnd 
651 7 |a Böhmische Länder  |0 (DE-588)4069573-6  |0 (DE-603)085195553  |2 gnd 
651 7 |a Prag  |0 (DE-588)4076310-9  |0 (DE-603)085216283  |2 gnd 
856 4 2 |m V:DE-603;B:DE-Mb50  |q application/pdf  |u http://scans.hebis.de/HEBCGI/show.pl?28174607_toc.pdf  |3 Inhaltsverzeichnis 
924 0 |9 Mb 50  |a (DE-603)634107976  |b DE-Mb50  |c HES  |d c  |g 11.09521 
924 0 |9 2080  |a (DE-603)793900654  |b DE-2080  |c HES  |d d  |g /